000
00447nam a2200145Ia 4500
008
100204s9999 xx 000 0 und d
082
_b
10764
100
_a
कदम बा.
245
_a
बॉम्बे पोलिस
260
_b
"मधुर पब्लिकेशन , पुणे 2"
_c
1988
300
_a
306
630
_a
बॉम्बे पोलिस
730
_a
बॉम्बे पोलिस
942
_c
BOOK
999
_c
455200
_d
455197